| 000 | 00512cam a2200157 a 4500 | ||
|---|---|---|---|
| 001 | 000013891 | ||
| 005 | 20200929163404.0 | ||
| 008 | 870129s1909 sp 000 0 spa | ||
| 040 |
_aDO-SdBNP _bspa _cBNPHU |
||
| 082 |
_a327.2 _bB242m |
||
| 245 | 0 | 0 |
_aManual diplomático y consular hispano-americano / _ccompilado y redactado D. Simón Barceló. |
| 260 |
_aBarcelona : _bCasa Editorial Maucci, _c1909. |
||
| 300 |
_a463 p. ; _c23 cm. |
||
| 650 | 4 |
_aDiplomacia _xManuales _931475 |
|
| 700 | 1 |
_aBarceló, Simón. _931476 |
|
| 999 |
_c13497 _d13497 |
||